| Tag |
First Indicator |
Second Indicator |
Subfields |
| LEADER |
00000cam a2200000 4500 |
| 001 |
in00000057024 |
| 005 |
20151008050933.0 |
| 008 |
720613s1923 nyu 00000 eng u |
| 010 |
|
|
|a 23008454
|
| 035 |
|
|
|a (OCoLC)00330908
|
| 035 |
|
|
|9 AAG4435AM
|
| 040 |
|
|
|c KSU
|d TXA
|d UtOrBLW
|
| 049 |
|
|
|a TXAM
|c [250880]
|
| 050 |
0 |
0 |
|a E331
|b .P73
|
| 082 |
0 |
|
|a 328.73/07
|
| 092 |
|
|
|a 328.73
|b P743m
|
| 100 |
1 |
|
|a Plumer, William,
|d 1759-1850.
|
| 245 |
1 |
0 |
|a William Plumer's memorandum of proceedings in the United States Senate, 1803-1807 /
|c edited by Everett Somerville Brown.
|
| 264 |
|
1 |
|a New York :
|b The Macmillan company; [etc., etc.],
|c 1923.
|
| 300 |
|
|
|a ix, 673 pages ;
|c 24 cm.
|
| 336 |
|
|
|a text
|b txt
|2 rdacontent
|
| 337 |
|
|
|a unmediated
|b n
|2 rdamedia
|
| 338 |
|
|
|a volume
|b nc
|2 rdacarrier
|
| 490 |
1 |
|
|a University of Michigan publications. [Humanistic papers]
|
| 610 |
1 |
0 |
|a United States.
|b Congress.
|b Senate.
|
| 651 |
|
0 |
|a United States
|x Politics and government
|y 1801-1809.
|
| 700 |
1 |
|
|a Brown, Everett Somerville,
|d 1886-1964.
|
| 830 |
|
0 |
|a University of Michigan publications.
|p Humanistic papers.
|
| 830 |
|
0 |
|a University of Michigan publications.
|
| 999 |
|
|
|a MARS
|
| 999 |
f |
f |
|s f58c2756-0bf8-3fd5-8406-c9de57eefbb1
|i 97b688ed-6381-309a-9d57-6243f49c7f3c
|t 0
|
| 952 |
f |
f |
|p ric
|a Texas A&M University
|b Rellis Campus
|c Joint Library Facility
|d Remote Storage
|t 0
|e E331 .P73
|h Library of Congress classification
|i unmediated -- volume
|m A14800682231
|
| 998 |
f |
f |
|a E331 .P73
|t 0
|l Remote Storage
|